Về văn học dân gian xứ Nghệ

Cung cấp các nội dung về sự phong phú, đa dạng. sức sáng tạo, nét đẹp, sức sống và sắc thái của văn hóa xứ Nghệ qua ca dao, đồng dao, truyện kể, vè, hát phường vải, văn nôm khuyết danh ...

Wedi'i Gadw mewn:
Manylion Llyfryddiaeth
Prif Awdur: Ninh, Viết Giao
Fformat: Llyfr
Iaith:Undetermined
Cyhoeddwyd: Hà Nội Chính trị Quốc gia 2004
Pynciau:
Tagiau: Ychwanegu Tag
Dim Tagiau, Byddwch y cyntaf i dagio'r cofnod hwn!
Thư viện lưu trữ: Trung tâm Học liệu Trường Đại học Cần Thơ
LEADER 00896nam a2200205Ia 4500
001 CTU_139990
008 210402s9999 xx 000 0 und d
020 |c 98500 
082 |a 398.209597 
082 |b Gi108 
100 |a Ninh, Viết Giao 
245 0 |a Về văn học dân gian xứ Nghệ 
245 0 |c Ninh Viết Giao 
260 |a Hà Nội 
260 |b Chính trị Quốc gia 
260 |c 2004 
520 |a Cung cấp các nội dung về sự phong phú, đa dạng. sức sáng tạo, nét đẹp, sức sống và sắc thái của văn hóa xứ Nghệ qua ca dao, đồng dao, truyện kể, vè, hát phường vải, văn nôm khuyết danh ... 
650 |a Folk literature, vietnamese,Văn học dân gian Việt Nam 
904 |i Hạ Nguyên 
980 |a Trung tâm Học liệu Trường Đại học Cần Thơ